Биомеханика двигательной активности: учебное пособие

書誌詳細
第一著者: Капилевич Л. В. Леонид Владимирович
団体著者: Национальный исследовательский Томский политехнический университет (ТПУ)
その他の著者: Андреев В. И. Владимир Игоревич, Кошельская Е. В. Елена Владимировна
要約:Заглавие с титульного экрана
В учебном пособие доступно изложены основные понятия и научные сведения по основным разделам спортивной биомеханики; рассмотрены строение двигательного аппарата спортсмена, биокинематические цепи, биомеханические факторы, обеспечивающих развитие двигательных качеств. Освещены биомеханические методы исследования, кинематика и динамика движений спортсмена, структура движений человека и управления ими. Предназначено для студентов высших учебных заведений, обучающихся по направлению "Физическая культура".
Режим доступа: из корпоративной сети ТПУ
言語:ロシア語
出版事項: Томск, Изд-во ТПУ, 2012
主題:
オンライン・アクセス:http://www.lib.tpu.ru/fulltext2/m/2012/m468.pdf
フォーマット: 電子媒体 図書
KOHA link:https://koha.lib.tpu.ru/cgi-bin/koha/opac-detail.pl?biblionumber=228874

MARC

LEADER 00000nlm0a2200000 4500
001 228874
005 20231226151141.0
035 |a (RuTPU)RU\TPU\book\249402 
090 |a 228874 
100 |a 20121224d2012 m y0rusy50 ca 
101 0 |a rus 
102 |a RU 
105 |a a j 001zy 
135 |a drcn ---uucaa 
181 0 |a i  
182 0 |a b 
200 1 |a Биомеханика двигательной активности  |e учебное пособие  |f Л. В. Капилевич, В. И. Андреев, Е. В. Кошельская  |g Национальный исследовательский Томский политехнический университет (ТПУ) 
203 |a Текст  |c электронный 
210 |a Томск  |c Изд-во ТПУ  |d 2012 
300 |a Заглавие с титульного экрана 
330 |a В учебном пособие доступно изложены основные понятия и научные сведения по основным разделам спортивной биомеханики; рассмотрены строение двигательного аппарата спортсмена, биокинематические цепи, биомеханические факторы, обеспечивающих развитие двигательных качеств. Освещены биомеханические методы исследования, кинематика и динамика движений спортсмена, структура движений человека и управления ими. Предназначено для студентов высших учебных заведений, обучающихся по направлению "Физическая культура". 
333 |a Режим доступа: из корпоративной сети ТПУ 
337 |a Adobe Reader 
452 1 |0 (RuTPU)RU\TPU\book\253411  |y 978-5-4387-0093-7  |t Биомеханика двигательной активности  |o учебное пособие для вузов  |f Л. В. Капилевич, В. И. Андреев, Е. В. Кошельская  |g Национальный исследовательский Томский политехнический университет (ТПУ)  |c Томск  |n Изд-во ТПУ  |d 2012  |p 146 с.  |a Капилевич, Леонид Владимирович 
606 1 |a Движения спортсменов  |x Биомеханические основы  |2 stltpush  |3 (RuTPU)RU\TPU\subj\8953  |9 36259 
610 1 |a электронный ресурс 
610 1 |a труды учёных ТПУ 
610 1 |a учебные пособия 
610 1 |a биомеханика 
610 1 |a двигательный аппарат 
610 1 |a человек 
610 1 |a мышечный аппарат 
610 1 |a кинематические характеристики 
610 1 |a движение 
610 1 |a динамические характеристики 
610 1 |a спортсмены 
610 1 |a биомеханические системы 
610 1 |a моделирование 
610 1 |a спортивная биомеханика 
675 |a 796.012.1(075.8)  |v 3 
700 1 |a Капилевич  |b Л. В.  |c специалист в области физической культуры и спорта  |c профессор Томского политехнического университета, доктор медицинских наук  |f 1963-  |g Леонид Владимирович  |3 (RuTPU)RU\TPU\pers\24823  |9 11028 
701 1 |a Андреев  |b В. И.  |c специалист в области физической культуры и спорта  |c профессор Томского политехнического университета, доктор педагогических наук  |f 1954-  |g Владимир Игоревич  |3 (RuTPU)RU\TPU\pers\24802  |9 11017 
701 1 |a Кошельская  |b Е. В.  |c специалист по учебно-методической работе Томского политехнического университета  |g Елена Владимировна  |3 (RuTPU)RU\TPU\pers\29279 
712 0 2 |a Национальный исследовательский Томский политехнический университет (ТПУ)  |c (2009- )  |3 (RuTPU)RU\TPU\col\15902 
801 1 |a RU  |b 63413507  |c 20121224 
801 2 |a RU  |b 63413507  |c 20130327  |g RCR 
856 4 |u http://www.lib.tpu.ru/fulltext2/m/2012/m468.pdf 
942 |c CF